书目信息 |
| 题名: |
平静的生活
|
|
| 作者: | 杜拉斯 著 ;王文融 译 | |
| 分册: | ||
| 出版信息: | 上海 上海译文出版社 2009.03 |
|
| 页数: | 181页 | |
| 开本: | 19cm | |
| 丛书名: | 玛格丽特·杜拉斯作品系列 | |
| 单 册: | ||
| 中图分类: | I565.45 | |
| 科图分类: | ||
| 主题词: | 小说--法国--现代 | |
| 电子资源: | ||
| ISBN: | 978-7-5327-4560-9 | |
| 000 | 01295nam 2200277 450 | |
| 001 | 0011155445 | |
| 005 | 20100528193107.09 | |
| 010 | @a978-7-5327-4560-9@b精装@dCNY25.00 | |
| 100 | @a20100515d2009 em y0chiy0110 ea | |
| 101 | 1 | @achi@cfre |
| 102 | @aCN@b310000 | |
| 105 | @ay z 000ay | |
| 200 | 1 | @a平静的生活@Aping jing de sheng huo@d= La vie tranquille@f玛格丽特·杜拉斯著@Fma ge li te·du la si zhu@g王文融译@zfre |
| 210 | @a上海@c上海译文出版社@d2009.03 | |
| 215 | @a181页@d19cm | |
| 225 | 2 | @a玛格丽特·杜拉斯作品系列 |
| 306 | @a本书根据伽里玛出版社2003年法文版译出 | |
| 330 | @a本书为玛格丽特·杜拉斯1944年出版的第二部小说。小说中年轻的女主人公诉说自己的生活:舅舅与弟妹私通,她向弟弟告发,舅舅被弟弟打死;弟弟的情人爱上了她的情人,弟弟绝望自杀;她在远行中又目睹一个男人溺水身亡……绝望的爱,时时笼罩的死亡。感性而清醒的语言,笼罩在死亡阴影中的情节。偏僻的乡村中,面对贫穷、仇恨,二十五岁的女人在孤寂中渴望生活,渴求爱情。生活就在表面的平静和内心的挣扎里缓慢又迅疾的逝去…… | |
| 410 | 0 | @12001 @a玛格丽特·杜拉斯作品系列 |
| 500 | 10 | @aLa vie tranquille@mChinese |
| 606 | 0 | @a小说@y法国@z现代 |
| 690 | @aI565.45@v4 | |
| 701 | 1 | @a杜拉斯@Adu la si@g(Duras,Marguerite)@4著 |
| 702 | 0 | @a王文融@Awang wen rong@4译 |
| 801 | 0 | @aCN@c20100515 |
| 905 | @dI565.45@eD830-2@f3 | |
| 平静的生活= La vie tranquille/玛格丽特·杜拉斯著/王文融译.-上海:上海译文出版社,2009.03 |
| 181页;19cm.-(玛格丽特·杜拉斯作品系列) |
| ISBN 978-7-5327-4560-9(精装):CNY25.00 |
| 本书为玛格丽特·杜拉斯1944年出版的第二部小说。小说中年轻的女主人公诉说自己的生活:舅舅与弟妹私通,她向弟弟告发,舅舅被弟弟打死;弟弟的情人爱上了她的情人,弟弟绝望自杀;她在远行中又目睹一个男人溺水身亡……绝望的爱,时时笼罩的死亡。感性而清醒的语言,笼罩在死亡阴影中的情节。偏僻的乡村中,面对贫穷、仇恨,二十五岁的女人在孤寂中渴望生活,渴求爱情。生活就在表面的平静和内心的挣扎里缓慢又迅疾的逝去…… |
| ● |
| 相关链接 |
|
|
|
正题名:平静的生活
索取号:I565.45/D830-2
 
预约/预借
| 序号 | 登录号 | 条形码 | 馆藏地/架位号 | 状态 | 备注 |